000 00584cam a2200217 i 4500
001 391177
005 20180214033509.0
008 800509s1980 enka b 001 0 eng
010 _a 79006798
020 _a0125144504
040 _aDLC
_cDLC
_dDLC
041 _aeng
080 _a302.35
082 0 0 _a302.35 TAY
100 1 _a52
101 _aBNJ
245 1 2 _aA theory of behavior in organizations /
_cJames C. Naylor, Robert D. Pritchard, Daniel Ilgen.
504 _aBibliography: p. 277-283.
906 _a7
_bcbc
_corignew
_du
_eocip
_f19
_gy-gencatlg
942 _2ddc
_cBK
999 _c42448
_d42448